Fungi of India: List and References 1988-2020/ by C Manoharachary...[et al.] (Record no. 52260)

MARC details
000 -LEADER
fixed length control field 00483nam a22001577a 4500
003 - CONTROL NUMBER IDENTIFIER
control field OSt
008 - FIXED-LENGTH DATA ELEMENTS--GENERAL INFORMATION
fixed length control field 260624b |||||||| |||| 00| 0 eng d
020 ## - INTERNATIONAL STANDARD BOOK NUMBER
International Standard Book Number 9789391734411
082 ## - DEWEY DECIMAL CLASSIFICATION NUMBER
Classification number 579.50954
Item number M28F
245 ## - TITLE STATEMENT
Title Fungi of India: List and References 1988-2020/ by C Manoharachary...[et al.]
260 ## - PUBLICATION, DISTRIBUTION, ETC. (IMPRINT)
Place of publication, distribution, etc Delhi :
Name of publisher, distributor, etc Today & Tomorrow Printers and Publishers,
Date of publication, distribution, etc 2022.
300 ## - PHYSICAL DESCRIPTION
Extent 475 p.
650 ## - SUBJECT ADDED ENTRY--TOPICAL TERM
Topical term or geographic name as entry element Pure Sciences | Biology | Fungi
700 ## - ADDED ENTRY--PERSONAL NAME
Personal name Manoharachary, C
942 ## - ADDED ENTRY ELEMENTS (KOHA)
Source of classification or shelving scheme
Koha item type Books
Holdings
Withdrawn status Lost status Source of classification or shelving scheme Damaged status Not for loan Collection code Home library Current library Shelving location Date acquired Source of acquisition Full call number Barcode Date last seen Bill Date Koha item type Bill Number Total Checkouts
        Not For Loan Reference Dr. Rajendra Prasad Central Agricultural University Pusa, Dr. Rajendra Prasad Central Agricultural University Pusa, Reference 24/06/2026 Today & Tomorrow Printers and Publishers R 579.50954 M28F 87528 24/06/2026 29/01/2026 Books Bill No. IN-00449  
            Dr. Rajendra Prasad Central Agricultural University Pusa, Dr. Rajendra Prasad Central Agricultural University Pusa, General Stacks 24/06/2026 Today & Tomorrow Printers and Publishers 579.50954 M28F 87529 24/06/2026 29/01/2026 Books Bill No. IN-00449  
Hosted, Implemented, Customized & Maintained by: BestBookBuddies

Powered by Koha